Bilecik Bilecik Bilecik Bilecik Bilecik

Erzurumlu İbrahim Hakkı/ (Record no. 15524)

MARC details
000 -BAŞLIK
Sabit Uzunluktaki Kontrol Alanı 01442nam a22003977a 4500
001 - KONTROL NUMARASI
Control Dosyası 0015561
003 - KONTROL NUMARASI KİMLİĞİ
Kontrol Alanı KOHA_MİRAKIL
005 - EN SON İŞLEM TARİHİ ve ZAMANI
Kontrol Alanı 20260207002034.0
007 - FİZİKSEL TANIM SABİT ALAN - GENEL BİLGİ
Sabit uzunluklu kontrol alanı ta
008 - SABİT UZUNLUKTAKİ VERİ ÖGELERİ - GENEL BİLGİ
Sabit Alan 100324b1992 tu |||gr||||#0|||1|tur |
020 ## - ISBN - ULUSLARARASI STANDART KİTAP NUMARASI
Isbn 9751106206
Kullanılabilirlik koşulları 0,01
040 ## - KATALOGLAMA KAYNAĞI
Özgün Kataloglama Kurumu TR-BiSEU
Kataloglama Dili tur
Çeviri Kurumu TR-BiSEU
Açıklama Kuralları rda
041 0# - DİL KODU
Metin ya da ses kaydının dil kodu tur
044 ## - YAYINLAYAN/ÜRETEN KURULUŞUN ÜLKE KODU
ISO country code tu
050 ## - SINIFLAMA ve YER NUMARASI
Sınıflama Numarası PL248.E79
Yer Numarası A48 1992
100 1# - KİŞİ ADI
Yazar Adı (Kişi adı) Altıntaş, Hayrani.
245 1# - ESER ADI BİLDİRİMİ
Başlık Erzurumlu İbrahim Hakkı/
Sorumluluk Bildirimi Hayrani Altıntaş ; Hayrani Altıntaş.
264 #1 - ÜRERİM, YAYIN, DAĞITIM ve TELİF BİLDİRİMİ
Yayın yeri İstanbul :
Yayınlayan M.E.B.
Yayın tarihi 1992
300 ## - FİZİKSEL TANIMLAMA
Sayfa, Cilt vb. viii, 224 sayfa; 24 cm.
336 ## - İÇERİK TÜRÜ
Content type term metin
Content type code txt
Source rdacontent
337 ## - MEDYA TÜRÜ
Media type term aracısız
Media type code n
Source rdamedia
338 ## - TAŞIYICI TÜRÜ
Carrier type term cilt
Carrier type code nc
Source rdacarrier
490 1# - DİZİ BİLDİRİMİ
Dizi Bildirimi Milli Eğitim Bakanlığı yayınları ;
Cilt Numarası 2323.
490 1# - DİZİ BİLDİRİMİ
Dizi Bildirimi Bilim ve kültür eserleri dizisi ;
Cilt Numarası 578.
490 1# - DİZİ BİLDİRİMİ
Dizi Bildirimi Düşünce eserleri dizisi ;
Cilt Numarası 21.
500 ## - GENEL NOT
Genel Not Kaynakça ve dizin var.
650 #0 - KONU BAŞLIĞI EK GİRİŞ - KONU TERİMİ
Konusal terim veya coğrafi ad Erzurumlu İbrahim Hakkı, 1703-1780--Biography.
9 (RLIN) 36115
650 #0 - KONU BAŞLIĞI EK GİRİŞ - KONU TERİMİ
Konusal terim veya coğrafi ad Erzurumlu İbrahim Hakkı, 1703-1780--Biyografi.
9 (RLIN) 36116
650 #0 - KONU BAŞLIĞI EK GİRİŞ - KONU TERİMİ
Konusal terim veya coğrafi ad Erzurumlu İbrahim Hakkı, 1703-1780--Criticism and interpretation.
9 (RLIN) 36117
650 #0 - KONU BAŞLIĞI EK GİRİŞ - KONU TERİMİ
Konusal terim veya coğrafi ad Erzurumlu İbrahim Hakkı, 1703-1780--Kritik ve yorum.
9 (RLIN) 36118
830 1# - SERİ EK GİRİŞİ - TEKBİÇİM ESER ADI
Tekbiçim Başlık Milli Eğitim Bakanlığı yayınları ;
Volume number/sequential designation 2323.
9 (RLIN) 7828
830 1# - SERİ EK GİRİŞİ - TEKBİÇİM ESER ADI
Tekbiçim Başlık Bilim ve kültür eserleri dizisi ;
Volume number/sequential designation 578.
9 (RLIN) 12823
830 1# - SERİ EK GİRİŞİ - TEKBİÇİM ESER ADI
Tekbiçim Başlık Düşünce eserleri dizisi ;
Volume number/sequential designation 21.
9 (RLIN) 30134
907 ## - LOCAL DATA ELEMENT G, LDG (RLIN)
a Roman
942 ## - EK GİRİŞ ÖGELERİ (KOHA)
Source of classification or shelving scheme Library of Congress Classification
Koha item type Book
Holdings
Materyal Türü Kalıcı Konum Mevcut Konum Raf Yeri Sınıflandırma Kaynağı Edinim Bilgisi Ana Konular Alt Konular Yer Numarası Demirbaş Numarası Fatura Tarihi Geri Çekilme Durumu Kayıp Durumu Hasarlı Durumu Kredi için değil Kayıt Tarih Toplam Ödünçverme Son Görülme Tarihi Son Kontrol Tarihi Genel / Bağış Notu
Book Prof. Dr. Azmi Özcan Kütüphanesi Prof. Dr. Azmi Özcan Kütüphanesi Birûni Salonu Library of Congress Classification Bağış DİL VE EDEBİYAT Doğu Asya, Afrika, Okyanusya Dilleri ve Edebiyatları PL248.E79 A48 1992 0015561 13/08/2010         24/03/2010   05/12/2024 05/12/2024 Genel Bağış